| 000 | 00802pam a2200229 a 4500 | ||
|---|---|---|---|
| 001 | 2943848 | ||
| 005 | 20250707175120.0 | ||
| 008 | 900410r19901967miu b 000 0ceng | ||
| 020 |
_a0825439817 (deluxe hardcover) : _c$25.95 |
||
| 020 |
_a0825439809 (trade paper) : _c$19.95 |
||
| 020 | _a9780825439810 | ||
| 020 | _a9780825439803 | ||
| 050 | 0 | 0 |
_aBS571 _b.W54 1990 |
| 082 | 0 | 0 |
_a220.9/2 _220 |
| 100 | 1 |
_aWhyte, Alexander, _d1836-1921. |
|
| 245 | 1 | 0 |
_aBible characters from the Old and New Testaments / _cAlexander Whyte. |
| 260 |
_aGrand Rapids, Mich. : _bKregel Publications, _c1990. |
||
| 300 |
_a916, [3] p. ; _c23 cm. |
||
| 500 | _aComplete and unabridged in 1 v. | ||
| 500 | _aReprint, with new introd. Previously published: Bible characters. London : Oliphants, 1967. | ||
| 942 |
_2lcc _cBK _n0 |
||
| 999 |
_c6853 _d6853 |
||